Hindu literature / (Record no. 51355)

MARC details
000 -LEADER
fixed length control field 00589nam a2200241Ia 4500
005 - DATE AND TIME OF LATEST TRANSACTION
control field 20260429111913.0
008 - FIXED-LENGTH DATA ELEMENTS--GENERAL INFORMATION
fixed length control field 260429s9999||||xx |||||||||||||| ||und||
020 ## - INTERNATIONAL STANDARD BOOK NUMBER
International Standard Book Number 9789357989664
041 ## - LANGUAGE CODE
Language English
082 ## - DEWEY DECIMAL CLASSIFICATION NUMBER
Classification number 294.5
Item number DUT
100 ## - MAIN ENTRY--PERSONAL NAME
Personal name Dutt, Toru
245 #0 - TITLE STATEMENT
Title Hindu literature /
Statement of responsibility, etc Toru Dutt
250 ## - EDITION STATEMENT
Edition statement 1st ed.
260 ## - PUBLICATION, DISTRIBUTION, ETC. (IMPRINT)
Place of publication, distribution, etc New Delhi :
Name of publisher, distributor, etc Lector House,
Date of publication, distribution, etc 2024.
300 ## - PHYSICAL DESCRIPTION
Extent xi, 406 p.; hb
650 ## - SUBJECT ADDED ENTRY--TOPICAL TERM
Topical term or geographic name as entry element Hindu literature
650 ## - SUBJECT ADDED ENTRY--TOPICAL TERM
Topical term or geographic name as entry element Hinduism
650 ## - SUBJECT ADDED ENTRY--TOPICAL TERM
Topical term or geographic name as entry element Religion
700 ## - ADDED ENTRY--PERSONAL NAME
Personal name Kalidasa
700 ## - ADDED ENTRY--PERSONAL NAME
Personal name Valmiki
700 ## - ADDED ENTRY--PERSONAL NAME
Personal name Wilson, Epiphanius
942 ## - ADDED ENTRY ELEMENTS (KOHA)
Koha item type Text Books
Holdings
Withdrawn status Lost status Damaged status Not for loan Collection code Home library Location Shelving location Date of Cataloging Source of acquisition Total Checkouts Full call number Barcode Date last seen Price effective from Koha item type
        Non-fiction CUTN Central Library CUTN Central Library Religion 29/04/2026 Shanti Books, Chennai - Invoice No. 3100 on 09-02-2026   294.5 DUT 56303 29/04/2026 29/04/2026 Text Books